<?xml version="1.0" encoding="UTF-8"?>
<record
    xmlns:xsi="http://www.w3.org/2001/XMLSchema-instance"
    xsi:schemaLocation="http://www.loc.gov/MARC21/slim http://www.loc.gov/standards/marcxml/schema/MARC21slim.xsd"
    xmlns="http://www.loc.gov/MARC21/slim">

  <leader>02107nam a22002657a 4500</leader>
  <controlfield tag="001">1914</controlfield>
  <controlfield tag="003">FISKH</controlfield>
  <controlfield tag="005">20231010134017.0</controlfield>
  <controlfield tag="008">231010b        cb ||||| |||| 00| 0 khr d</controlfield>
  <datafield tag="040" ind1=" " ind2=" ">
    <subfield code="a">FISKH</subfield>
    <subfield code="b">eng</subfield>
    <subfield code="c">FISKH</subfield>
    <subfield code="d">FISKH</subfield>
  </datafield>
  <datafield tag="082" ind1=" " ind2=" ">
    <subfield code="a">636.7</subfield>
  </datafield>
  <datafield tag="100" ind1=" " ind2=" ">
    <subfield code="a">Maxwell, Arthur S.</subfield>
  </datafield>
  <datafield tag="245" ind1=" " ind2=" ">
    <subfield code="a">&#x1786;&#x17D2;&#x1780;&#x17C2;&#x179F;&#x1784;&#x17D2;&#x179A;&#x17D2;&#x1782;&#x17C4;&#x17C7;&#x1787;&#x17B8;&#x179C;&#x17B7;&#x178F;&#x1798;&#x17D2;&#x1785;&#x17B6;&#x179F;&#x17CB; / </subfield>
  </datafield>
  <datafield tag="246" ind1=" " ind2=" ">
    <subfield code="a">Saved by his dog</subfield>
  </datafield>
  <datafield tag="260" ind1=" " ind2=" ">
    <subfield code="a">Phnom Penh : </subfield>
    <subfield code="b">Home Health Education Service,</subfield>
    <subfield code="c">2020. </subfield>
  </datafield>
  <datafield tag="300" ind1=" " ind2=" ">
    <subfield code="a">14 pages : </subfield>
    <subfield code="b">color illustrations ; </subfield>
    <subfield code="c">21 cm</subfield>
  </datafield>
  <datafield tag="505" ind1=" " ind2=" ">
    <subfield code="a">I
</subfield>
  </datafield>
  <datafield tag="520" ind1=" " ind2=" ">
    <subfield code="a">&#x1787;&#x17C4;&#x1780;&#x17C6;&#x1796;&#x17BB;&#x1784;&#x179B;&#x17C1;&#x1784;&#x1799;&#x17C9;&#x17B6;&#x1784;&#x179F;&#x1794;&#x17D2;&#x1794;&#x17B6;&#x1799;&#x1793;&#x17C5;&#x1798;&#x17B6;&#x178F;&#x17CB;&#x1794;&#x17B9;&#x1784;&#x1787;&#x17B6;&#x1798;&#x17BD;&#x1799;&#x1794;&#x1784;&#x1794;&#x17D2;&#x17A2;&#x17BC;&#x1793;&#x179F;&#x17D2;&#x179A;&#x17B8;&#x1793;&#x17B7;&#x1784;&#x1798;&#x17B7;&#x178F;&#x17D2;&#x178F;&#x1797;&#x1780;&#x17D2;&#x178F;&#x17B7;&#x178F;&#x17BC;&#x1785;&#x17D7;&#x179A;&#x1794;&#x179F;&#x17CB;&#x1782;&#x17C1;&#x1787;&#x17B6;&#x1785;&#x17D2;&#x179A;&#x17BE;&#x1793;&#x1793;&#x17B6;&#x1780;&#x17CB;&#x17D4; &#x1780;&#x17D2;&#x1798;&#x17C1;&#x1784;&#x1781;&#x17D2;&#x179B;&#x17C7;&#x17A2;&#x17CA;&#x17BB;&#x17C6;&#x1791;&#x17BB;&#x1780;&#x1780;&#x1798;&#x17D2;&#x179F;&#x17B6;&#x1793;&#x17D2;&#x178F; &#x17A0;&#x17BE;&#x1799;&#x1781;&#x17D2;&#x179B;&#x17C7;&#x179F;&#x17D2;&#x1791;&#x17BC;&#x1785;&#x178F;&#x17D2;&#x179A;&#x17B8;&#x17D4; &#x1787;&#x17C4; &#x1782;&#x17BA;&#x1787;&#x17B6;&#x1780;&#x17D2;&#x1798;&#x17C1;&#x1784;&#x1794;&#x17D2;&#x179A;&#x17BB;&#x179F;&#x178A;&#x17CF;&#x1780;&#x17D2;&#x179B;&#x17A0;&#x17B6;&#x1793;&#x1798;&#x17D2;&#x1793;&#x17B6;&#x1780;&#x17CB; &#x1791;&#x17C4;&#x17C7;&#x1794;&#x17B8;&#x1787;&#x17B6;&#x1782;&#x17C1;&#x1791;&#x17BE;&#x1794;&#x178F;&#x17C2;&#x1798;&#x17B6;&#x1793;&#x17A2;&#x17B6;&#x1799;&#x17BB;&#x178F;&#x17D2;&#x179A;&#x17B9;&#x1798;&#x178F;&#x17C2;&#x1794;&#x17BD;&#x1793;&#x1786;&#x17D2;&#x1793;&#x17B6;&#x17C6;&#x1780;&#x17CF;&#x178A;&#x17C4;&#x1799;&#x17D4; &#x179C;&#x17B6;&#x1780;&#x17C6;&#x1796;&#x17BB;&#x1784;&#x178A;&#x17BE;&#x179A;&#x179B;&#x17BB;&#x1799;&#x1791;&#x17B9;&#x1780;&#x1787;&#x17B6;&#x1798;&#x17BD;&#x1799;&#x1780;&#x17D2;&#x1798;&#x17C1;&#x1784;&#x17D7;&#x17AF;&#x1791;&#x17C0;&#x178F;&#x1780;&#x17B6;&#x1793;&#x17CB;&#x178F;&#x17C2;&#x1787;&#x17D2;&#x179A;&#x17C5; &#x178F;&#x17D2;&#x179A;&#x17B9;&#x1798;&#x1787;&#x17BE;&#x1784;&#x178A;&#x17CF;&#x1781;&#x17D2;&#x179B;&#x17B8;&#x179A;&#x1794;&#x179F;&#x17CB;&#x179C;&#x17B6; &#x17AC;&#x179B;&#x17D2;&#x1798;&#x1798;&#x1798;&#x17B7;&#x1793;&#x17B3;&#x17D2;&#x1799;&#x1791;&#x1791;&#x17B9;&#x1780;&#x17A2;&#x17B6;&#x179C;&#x1799;&#x17BA;&#x178F;&#x179A;&#x1794;&#x179F;&#x17CB;&#x179C;&#x17B6; &#x178A;&#x17BC;&#x1785;&#x178A;&#x17C2;&#x179B;&#x17AA;&#x1796;&#x17BB;&#x1780;&#x1798;&#x17D2;&#x178A;&#x17B6;&#x1799;&#x179A;&#x1794;&#x179F;&#x17CB;&#x179C;&#x17B6;&#x1794;&#x17B6;&#x1793;&#x178E;&#x17C2;&#x1793;&#x17B6;&#x17C6;&#x17D4; </subfield>
  </datafield>
  <datafield tag="520" ind1=" " ind2=" ">
    <subfield code="a">Joe was at the lakeside with his sisters and their little friends having a very happy time. Some were paddling, others were fishing. Joe, although only four years old, was a very brave boy. He was wading out with the others just as far as his baby legs would take him - or rather, just as far as his short would let him for he had been told not to get out. </subfield>
  </datafield>
  <datafield tag="521" ind1="8" ind2=" ">
    <subfield code="a">450
</subfield>
    <subfield code="b">Lexile estimate 
</subfield>
  </datafield>
  <datafield tag="521" ind1="8" ind2=" ">
    <subfield code="a">I
</subfield>
    <subfield code="b">Raz-Plus
</subfield>
  </datafield>
  <datafield tag="650" ind1=" " ind2=" ">
    <subfield code="a">&#x1787;&#x17C4; </subfield>
    <subfield code="v">&#x1786;&#x17D2;&#x1780;&#x17C2; </subfield>
    <subfield code="x">&#x179F;&#x1784;&#x17D2;&#x1782;&#x17D2;&#x179A;&#x17C4;&#x17C7; </subfield>
    <subfield code="y">&#x1780;&#x17D2;&#x179B;&#x17B6;&#x17A0;&#x17B6;&#x1793; </subfield>
  </datafield>
  <datafield tag="650" ind1=" " ind2=" ">
    <subfield code="a">Joe </subfield>
    <subfield code="v">Dog  </subfield>
    <subfield code="x">Save</subfield>
    <subfield code="y">Brave </subfield>
  </datafield>
  <datafield tag="942" ind1=" " ind2=" ">
    <subfield code="2">ddc</subfield>
    <subfield code="c">KHB</subfield>
    <subfield code="n">0</subfield>
  </datafield>
  <datafield tag="999" ind1=" " ind2=" ">
    <subfield code="c">1914</subfield>
    <subfield code="d">1914</subfield>
  </datafield>
  <datafield tag="952" ind1=" " ind2=" ">
    <subfield code="0">0</subfield>
    <subfield code="1">0</subfield>
    <subfield code="2">ddc</subfield>
    <subfield code="4">0</subfield>
    <subfield code="7">0</subfield>
    <subfield code="8">Khmer-English Bilingual </subfield>
    <subfield code="a">001</subfield>
    <subfield code="b">001</subfield>
    <subfield code="c">TK Blue</subfield>
    <subfield code="d">2023-10-10</subfield>
    <subfield code="l">2</subfield>
    <subfield code="o">MAX 636.7</subfield>
    <subfield code="p">FISTKKA116</subfield>
    <subfield code="q">2025-11-27</subfield>
    <subfield code="r">2025-11-13 15:03:38</subfield>
    <subfield code="s">2025-11-13</subfield>
    <subfield code="t">1</subfield>
    <subfield code="w">2023-10-10</subfield>
    <subfield code="y">KHB</subfield>
  </datafield>
  <datafield tag="952" ind1=" " ind2=" ">
    <subfield code="0">0</subfield>
    <subfield code="1">0</subfield>
    <subfield code="2">ddc</subfield>
    <subfield code="4">0</subfield>
    <subfield code="7">0</subfield>
    <subfield code="8">Khmer-English Bilingual </subfield>
    <subfield code="a">001</subfield>
    <subfield code="b">001</subfield>
    <subfield code="c">TTP Khmer</subfield>
    <subfield code="d">2023-10-10</subfield>
    <subfield code="l">0</subfield>
    <subfield code="o">MAX 636.7</subfield>
    <subfield code="p">FIS04104</subfield>
    <subfield code="r">2024-09-17 09:29:22</subfield>
    <subfield code="t">2</subfield>
    <subfield code="w">2023-10-10</subfield>
    <subfield code="y">KHB</subfield>
  </datafield>
  <datafield tag="952" ind1=" " ind2=" ">
    <subfield code="0">0</subfield>
    <subfield code="1">0</subfield>
    <subfield code="2">ddc</subfield>
    <subfield code="4">0</subfield>
    <subfield code="7">0</subfield>
    <subfield code="8">Khmer-English Bilingual </subfield>
    <subfield code="a">001</subfield>
    <subfield code="b">001</subfield>
    <subfield code="c">OKHR</subfield>
    <subfield code="d">2025-09-04</subfield>
    <subfield code="l">0</subfield>
    <subfield code="o">MAX 636.7</subfield>
    <subfield code="p">FISTKKA118</subfield>
    <subfield code="r">2025-09-04 15:08:21</subfield>
    <subfield code="t">3</subfield>
    <subfield code="w">2025-09-04</subfield>
    <subfield code="y">KHB</subfield>
  </datafield>
  <datafield tag="952" ind1=" " ind2=" ">
    <subfield code="0">0</subfield>
    <subfield code="1">0</subfield>
    <subfield code="2">ddc</subfield>
    <subfield code="4">0</subfield>
    <subfield code="7">0</subfield>
    <subfield code="8">Khmer-English Bilingual </subfield>
    <subfield code="a">001</subfield>
    <subfield code="b">001</subfield>
    <subfield code="c">OKHR</subfield>
    <subfield code="d">2025-09-04</subfield>
    <subfield code="l">0</subfield>
    <subfield code="o">MAX 636.7</subfield>
    <subfield code="p">FISTKKA109</subfield>
    <subfield code="r">2025-09-04 15:32:46</subfield>
    <subfield code="t">4</subfield>
    <subfield code="w">2025-09-04</subfield>
    <subfield code="y">KHB</subfield>
  </datafield>
  <datafield tag="952" ind1=" " ind2=" ">
    <subfield code="0">0</subfield>
    <subfield code="1">0</subfield>
    <subfield code="2">ddc</subfield>
    <subfield code="4">0</subfield>
    <subfield code="7">0</subfield>
    <subfield code="8">Khmer-English Bilingual </subfield>
    <subfield code="a">001</subfield>
    <subfield code="b">001</subfield>
    <subfield code="c">OKHR</subfield>
    <subfield code="d">2025-09-04</subfield>
    <subfield code="l">0</subfield>
    <subfield code="o">MAX 636.7</subfield>
    <subfield code="p">FISTKKB030</subfield>
    <subfield code="r">2025-09-04 15:32:59</subfield>
    <subfield code="t">5</subfield>
    <subfield code="w">2025-09-04</subfield>
    <subfield code="y">KHB</subfield>
  </datafield>
  <datafield tag="952" ind1=" " ind2=" ">
    <subfield code="0">0</subfield>
    <subfield code="1">0</subfield>
    <subfield code="2">ddc</subfield>
    <subfield code="4">0</subfield>
    <subfield code="7">0</subfield>
    <subfield code="8">Khmer-English Bilingual </subfield>
    <subfield code="a">001</subfield>
    <subfield code="b">001</subfield>
    <subfield code="c">OKHR</subfield>
    <subfield code="d">2025-09-04</subfield>
    <subfield code="l">0</subfield>
    <subfield code="o">MAX 636.7</subfield>
    <subfield code="p">FISTKKB029</subfield>
    <subfield code="r">2025-09-04 15:33:13</subfield>
    <subfield code="t">6</subfield>
    <subfield code="w">2025-09-04</subfield>
    <subfield code="y">KHB</subfield>
  </datafield>
  <datafield tag="952" ind1=" " ind2=" ">
    <subfield code="0">0</subfield>
    <subfield code="1">0</subfield>
    <subfield code="2">ddc</subfield>
    <subfield code="4">0</subfield>
    <subfield code="7">0</subfield>
    <subfield code="8">Khmer-English Bilingual </subfield>
    <subfield code="a">001</subfield>
    <subfield code="b">001</subfield>
    <subfield code="c">OKHR</subfield>
    <subfield code="d">2025-09-04</subfield>
    <subfield code="l">0</subfield>
    <subfield code="o">MAX 636.7</subfield>
    <subfield code="p">FISBK04011</subfield>
    <subfield code="r">2025-09-04 15:41:38</subfield>
    <subfield code="t">7</subfield>
    <subfield code="w">2025-09-04</subfield>
    <subfield code="y">KHB</subfield>
  </datafield>
  <datafield tag="952" ind1=" " ind2=" ">
    <subfield code="0">0</subfield>
    <subfield code="1">0</subfield>
    <subfield code="2">ddc</subfield>
    <subfield code="4">0</subfield>
    <subfield code="7">0</subfield>
    <subfield code="8">Khmer-English Bilingual </subfield>
    <subfield code="a">001</subfield>
    <subfield code="b">001</subfield>
    <subfield code="c">OKHR</subfield>
    <subfield code="d">2025-09-04</subfield>
    <subfield code="l">0</subfield>
    <subfield code="o">MAX 636.7</subfield>
    <subfield code="p">FISTKKB037</subfield>
    <subfield code="r">2025-09-04 15:41:54</subfield>
    <subfield code="t">8</subfield>
    <subfield code="w">2025-09-04</subfield>
    <subfield code="y">KHB</subfield>
  </datafield>
  <datafield tag="952" ind1=" " ind2=" ">
    <subfield code="0">0</subfield>
    <subfield code="1">0</subfield>
    <subfield code="2">ddc</subfield>
    <subfield code="4">0</subfield>
    <subfield code="7">0</subfield>
    <subfield code="8">Khmer-English Bilingual </subfield>
    <subfield code="a">001</subfield>
    <subfield code="b">001</subfield>
    <subfield code="c">OKHR</subfield>
    <subfield code="d">2025-09-04</subfield>
    <subfield code="l">0</subfield>
    <subfield code="o">MAX 636.7</subfield>
    <subfield code="p">FISTKKB028</subfield>
    <subfield code="r">2025-09-04 15:42:09</subfield>
    <subfield code="t">9</subfield>
    <subfield code="w">2025-09-04</subfield>
    <subfield code="y">KHB</subfield>
  </datafield>
</record>
